[Event "Pinar del Rio zt"]
[Site "Pinar del Rio"]
[Date "1990.??.??"]
[Round "2"]
[White "Hernandez, Gilberto"]
[Black "Santana, Orlando"]
[Result "1-0"]
[WhiteElo "2395"]
[BlackElo "2270"]

1.Nf3 Nf6 2.c4 g6 3.g3 Bg7 4.Bg2 O-O 5.O-O d6 6.d4 Nbd7 7.Nc3 c6 8.e4 e5
9.h3 exd4 10.Nxd4 Re8 11.Be3 Nc5 12.Qc2 a5 13.Rad1 Qe7 14.Rfe1 h6 15.f3 a4
16.Bf2 a3 17.b3 Qc7 18.Qd2 Ne6 19.Nde2 Rd8 20.g4 Qa5 21.Na4 b5 22.Nb6 Qxd2
23.Rxd2 Rb8 24.cxb5 cxb5 25.Red1 Ne8 26.b4 Bb7 27.Be3 g5 28.Bf1 Be5 29.Rd3 Bb2
30.Nd5 Bxd5 31.Rxd5 Rdc8 32.Ng3 Rc3 33.Kf2 Rc2+ 34.R1d2 Rc1 35.Rd1 Rc2+ 36.R5d2 Rxd2+
37.Bxd2 Nd4 38.Nf5 Nxf5 39.gxf5 Nc7 40.Bd3 d5 41.Rb1 Rd8 42.Ke2 dxe4 43.fxe4 f6
44.Bc1 Bxc1 45.Rxc1 Na6 46.Bxb5 Nxb4 47.Rc7 Rb8 48.Bc4+ Kh8 49.Ke3 Rb6 50.Kd4 Nc2+
51.Kc5 Rb2 52.Rc8+ Kh7 53.Rc7+ Kh8 54.Rf7 Nb4 55.Rxf6 Nxa2 56.Rxh6+ Kg7 57.Rg6+ Kh7
58.Ra6 Nc3 59.Kd4 Nb1 60.e5 Rd2+ 61.Kc5  1-0

[Event "Pinar del Rio zt"]
[Site "Pinar del Rio"]
[Date "1990.??.??"]
[Round "4"]
[White "Hernandez, Gilberto"]
[Black "Hook, William"]
[Result "*"]
[WhiteElo "2395"]
[BlackElo "2215"]

1.Nf3 Nf6 2.c4 g6 3.g3 Bg7 4.Bg2 O-O 5.d4 d6 6.O-O Nc6 7.Nc3 a6 8.h3 Rb8
9.Be3 b5 10.Nd2 Na5 11.cxb5 axb5 12.b4 Nc4 13.Nxc4 bxc4 14.b5 d5 15.a4 Bb7
16.a5 Ne8 17.Qd2 e6 18.Bh6 Nd6 19.Bxg7 Kxg7 20.Rfb1 f5 21.b6 Bc6 22.Qf4 cxb6
23.Qe5+ Kf7 24.axb6 Rb7 25.Na4 Bxa4 26.Rxa4 Re8 27.Rab4 Qb8 28.Qe3 Rc8 29.Qe5 Ne4
30.Bxe4 Qxe5 31.dxe5 fxe4 32.f3 exf3 33.exf3 Ke7 34.Kf2 Kd7 35.Ke3 Kc6 36.Ra4 Rxb6
37.Rxb6+ Kxb6 38.Kd4 Rf8 39.Ra3 Kb5 40.f4 Kb4 41.Ra6 Re8 42.Rb6+ Ka5 43.Rb7 h5
44.Rc7 h4 45.g4 Rf8 46.Ke3 Kb4 47.Rc6 Kc3 48.Rxe6 d4+ 49.Ke4 d3 50.Rd6 Ra8
51.f5 gxf5+ 52.gxf5 Ra1 53.f6 d2 54.f7 Re1+ 55.Kf5 Re3 56.e6 Rd3 57.Rxd3+ cxd3
58.f8=Q d1=Q 59.Qa3+ Kc4 60.Qa6+ Kc3 61.Qa5+ Kb3 62.Qb6+ Kc3 63.Kg6 Qe2 64.Qc7+ Kb2  *

[Event "URS-chT"]
[Site "Podolsk"]
[Date "1990.??.??"]
[Round "?"]
[White "Isaev, Jamshed"]
[Black "Kovalev, Andrei"]
[Result "0-1"]
[WhiteElo "2315"]
[BlackElo "2500"]

1.Nf3 Nf6 2.c4 g6 3.g3 Bg7 4.Bg2 O-O 5.O-O d6 6.d4 Nbd7 7.Nc3 e5 8.Qc2 Re8
9.Rd1 c6 10.e4 exd4 11.Nxd4 Qe7 12.Bf4 Ne5 13.b3 h6 14.h3 Bd7 15.a4 a5 16.Rd2 Rad8
17.Rad1 Bc8 18.Nde2 Bf8 19.c5 d5 20.exd5 Nxd5 21.Nxd5 cxd5 22.Rxd5 Rxd5 23.Rxd5 Nc6
24.Rd2 Qxc5 25.Qxc5 Bxc5 26.Rd5 b6 27.Kf1 Ba6 28.Rxc5 bxc5 29.Bxc6 Rxe2 30.Kg2 Rc2
31.Be3 Bc8 32.Be4 Rc3 33.Bd2 Rxb3 34.Bxa5 Bd7 35.Bc2 Rb2 36.Bd1 Rb1  0-1

[Event "URS-chT"]
[Site "Podolsk"]
[Date "1990.??.??"]
[Round "?"]
[White "Donchenko, Anatoly G"]
[Black "Vitolinsh, Alvis"]
[Result "1/2-1/2"]
[WhiteElo "2345"]
[BlackElo "2430"]

1.Nf3 Nf6 2.c4 g6 3.g3 Bg7 4.Bg2 O-O 5.O-O d6 6.Nc3 e5 7.Rb1 Nc6 8.d3 Bg4
9.h3 Bd7 10.b4 Qc8 11.Kh2 Ne7 12.c5 Ne8 13.cxd6 Nxd6 14.Bb2 Re8 15.Rc1 Nc6
16.a3 Nd4 17.Nd2 Qd8 18.Nde4 Nxe4 19.Nxe4 b6 20.e3 Ne6 21.Qc2 a5 22.Nd2 axb4
23.axb4 Ra4 24.Bc3 c5 25.bxc5 Nxc5 26.Ne4 Nxe4 27.Bxe4 b5 28.Qb2 Qe7 29.Rb1 Rb8
30.Bd5 Bxh3 31.Bxf7+ Qxf7 32.Kxh3 Kh8 33.Qb3 Qd7+ 34.Kg2 b4 35.Bb2 Ra6 36.Rbc1 Rd6
37.Rfd1 Qb7+ 38.e4 h5 39.Rc5 Qe7 40.Rdc1 Rf8 41.Rc8 Rdd8 42.Rxd8 Qxd8 43.Rc6 Kh7
44.Qe6 Qxd3 45.Qxg6+ Kg8 46.Bxe5 Qf3+ 47.Kh2 Qxf2+ 48.Kh3 Qf7 49.Bxg7 Qxg7
50.Qxg7+ Kxg7 51.Rb6 Rf2 52.Rxb4 Kg6 53.Rb6+ Kg5 54.Rc6 Re2 55.e5 h4 56.gxh4+ Kf5
57.Rf6+ Kxe5 58.Rf8 Ra2 59.h5 Ra1 60.Kh4 Rh1+ 61.Kg5 Rg1+ 62.Kh6 Ke6 63.Kh7 Ke7
64.Rg8  1/2-1/2

[Event "RLPF-chB"]
[Site "Polch"]
[Date "1990.??.??"]
[Round "?"]
[White "Merges, Harald"]
[Black "May, Frank"]
[Result "1/2-1/2"]
[WhiteElo "1845"]
[BlackElo "2020"]

1.Nf3 Nf6 2.c4 g6 3.g3 Bg7 4.Bg2 O-O 5.O-O d6 6.d4 c6 7.Nc3 Qc7 8.e4 Bg4
9.h3 Bxf3 10.Bxf3 Nbd7 11.Be3 Rad8 12.Qc2 a6 13.a4 e5 14.Rfd1 Qc8 15.Kh2 Rfe8
16.b4 c5 17.dxc5 dxc5 18.b5 Nf8  1/2-1/2

[Event "Porz Citroen-Cup"]
[Site "Porz"]
[Date "1990.??.??"]
[Round "1"]
[White "Spassov, Liuben"]
[Black "Schoen, Wolfram"]
[Result "1/2-1/2"]
[WhiteElo "2420"]
[BlackElo "2380"]

1.Nf3 Nf6 2.g3 g6 3.Bg2 Bg7 4.c4 O-O 5.O-O d5 6.cxd5 Nxd5 7.d4 Nb6 8.Nc3 Nc6
9.d5 Na5 10.e4 c6 11.Re1 Re8 12.Bg5 h6 13.Bf4 Nac4 14.Qe2 e5 15.dxe6 Bxe6
16.a4 Nd7 17.Qc2 Qb6 18.Rab1 a5 19.h4 Nde5 20.Nxe5 Nxe5 21.Bxe5 Bxe5 22.Kh2 g5
23.hxg5 hxg5 24.Nd1 Rad8 25.Ne3 Qb4 26.Qe2 Kg7 27.b3  1/2-1/2

[Event "Porz Citroen-Cup"]
[Site "Porz"]
[Date "1990.??.??"]
[Round "4"]
[White "Spassov, Liuben"]
[Black "Westerinen, Heikki MJ"]
[Result "1/2-1/2"]
[WhiteElo "2420"]
[BlackElo "2450"]

1.Nf3 Nf6 2.g3 g6 3.Bg2 Bg7 4.c4 O-O 5.O-O c6 6.d4 d5 7.Nbd2 Ne4 8.b3 c5
9.e3 cxd4 10.exd4 Nc6 11.Bb2 Nxd2 12.Qxd2 dxc4 13.bxc4 Bg4 14.d5 Bxf3 15.Bxf3 Ne5
16.Be2 Rc8 17.Rfc1 b6 18.a4 Rc5 19.Bd4 Ra5 20.Qc3 f6 21.Rcb1 e6 22.Rb5 exd5
23.cxd5 Rxb5 24.axb5 Rf7 25.Rc1 h5 26.h3 Rd7 27.Bxe5 fxe5 28.Qd3 Qg5 29.Rc6 Qf5
30.Qxf5 gxf5 31.d6 Kf7 32.Bxh5+ Ke6 33.Bg6 Bf8 34.Rc7 Kxd6 35.Rc6+ Kd5 36.Bxf5 Rd6
37.Rc7 Rf6 38.g4 Bc5 39.Rxa7 Kc4 40.Kg2 Kxb5 41.Kf3 Kc4 42.Ke4 b5 43.Rc7 b4
44.Kxe5 Rf8 45.f4 Rd8 46.g5 Kb5 47.Rd7 Re8+ 48.Be6 Be3 49.g6 b3 50.Rd3 b2
51.Rb3+ Kc5 52.Kf5 Bd4 53.h4 Ra8 54.Kg5 Ra3 55.Rb8 Ra8 56.Rb7 Ra7  1/2-1/2

[Event "Porz Citroen-Cup"]
[Site "Porz"]
[Date "1990.??.??"]
[Round "6"]
[White "Spassov, Liuben"]
[Black "Kovalev, Andrei"]
[Result "0-1"]
[WhiteElo "2420"]
[BlackElo "2500"]

1.Nf3 Nf6 2.g3 g6 3.Bg2 Bg7 4.c4 O-O 5.O-O d6 6.d4 Nc6 7.Nc3 a6 8.h3 Bd7
9.Be3 Rb8 10.Rc1 b5 11.Nd2 e6 12.b3 Ne7 13.f4 Nf5 14.Bf2 Nh5 15.Nde4 b4 16.e3 bxc3
17.g4 Nxd4 18.gxh5 Nf5 19.Nxc3 e5 20.e4 Nh4 21.Bxh4 Qxh4 22.f5 Bh6 23.Rc2 gxf5
24.exf5 Kh8 25.Qg4 Qd8 26.h4 Rg8 27.Qh3 c6 28.Kh1 Qe7 29.Be4 Bf4 30.Ne2 d5
31.cxd5 cxd5 32.Nxf4 exf4 33.Qc3+ f6 34.Bxd5 Rg3 35.Qd4 Rg4 36.Rg2 Rxh4+
37.Kg1 Bxf5 38.Qf2 Rxh5 39.Qxf4 Qc5+ 40.Rff2 Rd8 41.Bc4 Rd1+ 42.Bf1 Rxf1+
43.Kxf1 Rh1+ 44.Rg1 Bh3+ 45.Ke2 Qe7+ 46.Qe3 Qxe3+ 47.Kxe3 Rxg1 48.Rxf6 Re1+
49.Kd4 Re6 50.Rf7 Kg8 51.Rc7 h5 52.b4 Bg4 53.a4 h4 54.b5 axb5 55.axb5 h3
56.Rc2 Bf3 57.Rb2 Re2  0-1

[Event "Bohemians-B"]
[Site "Prague"]
[Date "1990.??.??"]
[Round "?"]
[White "Znamenacek, Kvetoslav"]
[Black "Kranzl, Peter"]
[Result "1-0"]
[WhiteElo "2340"]
[BlackElo "2315"]

1.c4 Nf6 2.Nf3 g6 3.g3 Bg7 4.Bg2 O-O 5.O-O d6 6.d4 c5 7.Nc3 Nc6 8.d5 Na5
9.Nd2 Rb8 10.Qc2 a6 11.b3 e6 12.Bb2 b5 13.Rab1 Re8 14.Rfe1 bxc4 15.bxc4 Rb4
16.a3 Rb8 17.Nd1 Bd7 18.Bc3 Qc7 19.Ne3 e5 20.Rb2 Rxb2 21.Qxb2 Ba4 22.Rb1 Nd7
23.Be4 Rb8 24.Qa2 Rxb1+ 25.Qxb1 Bf6 26.Bc2 Bxc2 27.Qxc2 Nb7 28.Qa4 Nb8 29.Ng4 Bd8
30.Ne4 Kg7 31.f4 f6 32.fxe5 fxe5 33.Qe8 Qd7 34.Nxd6 Qxe8 35.Nxe8+ Kf7 36.Bxe5 Nd7
37.Nd6+ Nxd6 38.Bxd6 Nb6 39.Bxc5 Nxc4 40.Ne3 Nd2 41.Bb4 Ne4 42.Nc4 Kf6 43.Kg2 Kf5
44.h3 h5 45.a4 g5 46.a5 Bc7 47.g4+ hxg4 48.hxg4+ Kxg4 49.d6 Bd8 50.Ne5+ Kf4
51.Nc6 Ke3 52.Nxd8 Kxe2 53.Nf7 Nf6 54.Ne5 Kd1 55.d7 Nxd7 56.Nxd7  1-0

[Event "Pula op"]
[Site "Pula"]
[Date "1990.??.??"]
[Round "2"]
[White "Cvitan, Ognjen"]
[Black "Loncar, Robert"]
[Result "1-0"]
[WhiteElo "2525"]
[BlackElo "2265"]

1.Nf3 Nf6 2.c4 g6 3.g3 Bg7 4.Bg2 O-O 5.O-O d6 6.d4 a6 7.Nc3 Nc6 8.b3 Rb8
9.e3 b5 10.Qe2 bxc4 11.Qxc4 Nb4 12.Qe2 a5 13.Rd1 Ba6 14.Qd2 c5 15.Ba3 Nd7
16.Rac1 cxd4 17.Nxd4 Ne5 18.Bxb4 axb4 19.Nd5 Bb7 20.Nxb4 Bxg2 21.Kxg2 Rb7
22.Nbc6 Nxc6 23.Nxc6 Qa8 24.Qa5 Qxa5 25.Nxa5 Rb5 26.Nc6 Bf6 27.Rd3 Ra8 28.a4 Rb7
29.e4 Rc7 30.Rc4 Kf8 31.f4 Bb2 32.Rd5 Rb7 33.Rb5 Rc7 34.Ne5 Rca7 35.Nd3 Ba1
36.Kf3 Ke8 37.e5 dxe5 38.Nxe5 f6 39.Rc1 Bb2 40.Rc2 Ba1 41.Nc4 Rd8 42.Rc1 Bd4
43.Rd1 Bc3 44.Rxd8+ Kxd8 45.Ke2 Kd7 46.Kd3 Be1 47.Nd2 Ra6 48.Ne4 Kc6 49.Kc4 Ra8
50.Nc5 Rd8 51.Nd3 Bd2 52.Rc5+ Kb6 53.a5+ Kb7 54.b4 Be3 55.Rd5 Rc8+ 56.Nc5+  1-0

[Event "Pula tt2"]
[Site "Pula"]
[Date "1990.??.??"]
[Round "3"]
[White "Komljenovic, Davor"]
[Black "Muse, Mladen"]
[Result "0-1"]
[WhiteElo "2470"]
[BlackElo "2425"]

1.Nf3 Nf6 2.c4 g6 3.g3 Bg7 4.Bg2 O-O 5.O-O d6 6.d4 Nc6 7.Nc3 a6 8.d5 Na5
9.Nd2 c5 10.Qc2 Rb8 11.Rb1 b5 12.cxb5 axb5 13.b4 Bf5 14.e4 cxb4 15.Rxb4 Bd7
16.Qb1 Ng4 17.Nxb5 Qb6 18.a4 Bc3 19.Nc4 Qc5 20.Nxa5 Bxb4 21.Nc6 Bxc6 22.dxc6 Nxf2
23.Rxf2 Be1 24.c7 Bxf2+ 25.Kf1 Rxb5 26.axb5 Bg1 27.Qb2 Bd4 28.Qb1 Qxc7  0-1

[Event "Pula op"]
[Site "Pula"]
[Date "1990.??.??"]
[Round "6"]
[White "Lisenko, Alexander V"]
[Black "Yurtaev, Leonid"]
[Result "0-1"]
[WhiteElo "2360"]
[BlackElo "2505"]

1.c4 Nf6 2.Nf3 g6 3.g3 Bg7 4.Bg2 O-O 5.O-O d6 6.d4 Nbd7 7.Qc2 e5 8.Rd1 Re8
9.dxe5 dxe5 10.e4 c6 11.h3 Qe7 12.b3 Nc5 13.Nc3 Nfd7 14.Be3 a5 15.Rd2 Qf8
16.Rad1 Bh6 17.Bxh6 Qxh6 18.Rd6 Nf8 19.Qd2 Qxd2 20.R1xd2 Kg7 21.Rd8 Rxd8
22.Rxd8 Nfe6 23.Rd2 f6 24.Kf1 Kf7 25.Ke2 Ke7 26.Ke3 g5 27.h4 g4 28.Ne1 Bd7
29.f4 gxf3 30.Nxf3 Rg8 31.Kf2 Be8 32.Bh3 Bg6 33.Ke3 Bh5 34.Ne2 Bg4 35.Bg2 Ng7
36.Nfg1 f5 37.Nc3 Nh5 38.exf5 Nxg3 39.Ne4 Ncxe4 40.Bxe4 Nf1+  0-1

[Event "Pula tt2"]
[Site "Pula"]
[Date "1990.??.??"]
[Round "11"]
[White "Notaros, Krasoje"]
[Black "Djipa, Neven"]
[Result "0-1"]
[WhiteElo "2360"]
[BlackElo "2280"]

1.Nf3 Nf6 2.c4 g6 3.g3 Bg7 4.Bg2 O-O 5.O-O d5 6.d4 Nc6 7.Ne5 dxc4 8.Nxc6 bxc6
9.Bxc6 Bh3 10.Re1 Rb8 11.Na3 Qd6 12.Bh1 Qb4 13.Nc2 Qb6 14.Ne3 Rfd8 15.Nxc4 Qb4
16.b3 Rxd4 17.Bd2 Qb5 18.Qc2 Ng4 19.Bc3 Qh5 20.Bf3 Qc5 21.e3 Rdd8 22.Bxg7 Kxg7
23.Rac1 Kg8 24.Qe4 Nf6 25.Qe5 Qxe5 26.Nxe5 Rd2 27.Nc6 Rb6 28.Re2 Rxc6  0-1

[Event "Sankt Augustin"]
[Site "Sankt Augustin"]
[Date "1990.??.??"]
[Round "9"]
[White "Erdelyi, Tamas"]
[Black "Meyer, Peter"]
[Result "1/2-1/2"]
[WhiteElo "2365"]
[BlackElo "2330"]

1.Nf3 Nf6 2.c4 g6 3.g3 Bg7 4.Bg2 O-O 5.O-O c6 6.Nc3 d5 7.cxd5 cxd5 8.d4 Ne4
9.e3 Nxc3 10.bxc3 Nc6 11.Nd2 Na5 12.Ba3 Re8 13.Qf3  1/2-1/2

[Event "Wch U20"]
[Site "Santiago"]
[Date "1990.??.??"]
[Round "6"]
[White "Hernandez, Gilberto"]
[Black "Pupo, Emilio"]
[Result "1-0"]
[WhiteElo "2395"]
[BlackElo "2325"]

1.Nf3 Nf6 2.c4 g6 3.g3 Bg7 4.Bg2 O-O 5.O-O c5 6.d4 cxd4 7.Nxd4 Nc6 8.Nc2 d6
9.Nc3 Bd7 10.b3 Qa5 11.Bd2 Qh5 12.f3 a6 13.e4 b5 14.g4 Bxg4 15.fxg4 Nxg4
16.h3 Qc5+ 17.Kh1 Nf2+ 18.Rxf2 Qxf2 19.cxb5 axb5 20.Be3 Qh4 21.Nxb5 Be5 22.Ncd4 Qg3
23.Bg1 Rfc8 24.Qd2 Nxd4 25.Nxd4 Ra3 26.Ne2 Qh4 27.Rf1 Rca8 28.Nc1 Rc8 29.Nd3 Bc3
30.Qe2 Rca8 31.Qc2 Bf6 32.Nb4 Be5 33.Qc4 e6 34.Rf2 R3a5 35.Rc2 Qg3 36.Qe2 Bg7
37.Bh2 Qh4 38.Bxd6 Rh5 39.Bh2 Be5 40.Bxe5 Rxe5 41.Nd3 Rg5 42.Qf2 Qh6 43.Qf4 Qh5
44.Rf2 Rf8 45.Kh2 e5 46.Qf3 Qh4 47.Nc5 Qh6 48.Nd7  1-0

[Event "Hungaroil"]
[Site "Siofok"]
[Date "1990.??.??"]
[Round "7"]
[White "Csom, Istvan"]
[Black "Tolnai, Tibor"]
[Result "1/2-1/2"]
[WhiteElo "2485"]
[BlackElo "2480"]

1.c4 Nf6 2.g3 g6 3.Bg2 Bg7 4.Nf3 O-O 5.Nc3 d6 6.O-O Nc6 7.d4 Bg4 8.d5 Bxf3
9.exf3 Na5 10.Qe2 c5 11.dxc6 Nxc6 12.Rd1 Re8 13.Be3 Rc8 14.Rac1 b6 15.Bh3 Rb8
16.f4 Nd7 17.f5 Nf6 18.fxg6 hxg6 19.Nd5 e6 20.Nxf6+ Bxf6 21.Bg2 Rc8 22.b3 Qe7
23.Rd2 b5 24.cxb5 Nd4 25.Qf1 Rxc1 26.Qxc1 Nxb5 27.Qc6 Rb8 28.Bf1 Nc3 29.Qxd6 Qxd6
30.Rxd6 Nxa2 31.Bc4 a5 32.Ra6 Bc3 33.Ra7 Nb4 34.Rxa5 Nd5 35.Ba7 Rxb3 36.Bxb3 Bxa5
37.Kf1 Bb6  1/2-1/2

[Event "Hungaroil"]
[Site "Siofok"]
[Date "1990.??.??"]
[Round "11"]
[White "Csom, Istvan"]
[Black "Frolov, Artur"]
[Result "1/2-1/2"]
[WhiteElo "2485"]
[BlackElo "2485"]

1.c4 Nf6 2.Nf3 g6 3.g3 Bg7 4.Bg2 O-O 5.d4 d6 6.Nc3 Nbd7 7.O-O e5 8.h3 Re8
9.e4 exd4 10.Nxd4 Nc5 11.Re1 Bd7 12.Bf4 Ne6 13.Be3 Nxd4 14.Bxd4 Be6 15.Nd5 c6
16.Nxf6+ Bxf6 17.Rc1  1/2-1/2

[Event "Sion"]
[Site "Sion"]
[Date "1990.??.??"]
[Round "?"]
[White "Neckar, Lubomir"]
[Black "Terreaux, Gilles"]
[Result "1-0"]
[WhiteElo "2340"]
[BlackElo "2290"]

1.Nf3 Nf6 2.c4 g6 3.g3 Bg7 4.Bg2 O-O 5.d4 d6 6.Nc3 Nbd7 7.O-O e5 8.h3 Re8
9.e4 exd4 10.Nxd4 Nc5 11.Re1 Bd7 12.Rb1 h6 13.f3 Qc8 14.Kh2 a6 15.Be3 Rb8
16.Qd2 Kh7 17.Nd5 Ng8 18.Rbc1 b6 19.Bf2 Ne7 20.f4 Nxd5 21.cxd5 a5 22.b3 Re7
23.a3 Qe8 24.Qc2 Bb5 25.Rcd1 Bd7 26.g4 a4 27.b4 Nb3 28.Nf3 Rc8 29.Bh4 f6
30.e5 dxe5 31.fxe5 fxe5 32.Bxe7 Qxe7 33.Qe4 Qd6 34.Kh1 Re8 35.Rf1 Nd4 36.Nh4 Bb5
37.Rf7 Rf8 38.Rxf8 Bxf8 39.Bf1 Be8 40.Bd3 c6 41.Bc4 b5 42.Ba2 Qf6 43.Ng2 cxd5
44.Bxd5 Bg7 45.Rxd4 exd4 46.Qxe8 h5 47.gxh5  1-0

[Event "Sochi"]
[Site "Sochi"]
[Date "1990.??.??"]
[Round "?"]
[White "Panchenko, Alexander N"]
[Black "Fischer, Js"]
[Result "1-0"]
[WhiteElo "2430"]
[BlackElo "2325"]

1.Nf3 Nf6 2.c4 g6 3.g3 Bg7 4.Bg2 O-O 5.O-O Nc6 6.d4 a6 7.Nc3 Rb8 8.d5 Na5
9.Nd2 b5 10.cxb5 axb5 11.b4 Nc4 12.Nxc4 bxc4 13.Rb1 e6 14.Be3 Ng4 15.Bd2 Bb7
16.h3 Nf6 17.e4 exd5 18.exd5 c6 19.Bf4 Ra8 20.d6 Nh5 21.Bd2 Ra3 22.Qc1 Qa8
23.b5 Qa5 24.Nd5 c3 25.Ne7+ Kh8 26.Bh6 cxb5 27.Bxg7+ Kxg7 28.Bxb7 Nxg3 29.fxg3 Qb6+
30.Rf2 Qxd6 31.Rb3 Rxb3 32.axb3 Qxe7 33.Qxc3+ f6 34.Bf3 b4 35.Qd4 Qe5 36.Qxe5 fxe5
37.Kg2 Rc8 38.Bd5 Rf8 39.Rxf8 Kxf8 40.Kf3 Ke7 41.Ke4 Kf6 42.h4 h5 43.Bc4 d6
44.Ba6  1-0

[Event "BUL-FRA m"]
[Site "Sofia"]
[Date "1990.??.??"]
[Round "12"]
[White "Kirov, Nino"]
[Black "Chabanon, Jean Luc"]
[Result "1-0"]
[WhiteElo "2445"]
[BlackElo "2390"]

1.Nf3 Nf6 2.c4 g6 3.g3 Bg7 4.Bg2 O-O 5.O-O c6 6.d4 d5 7.cxd5 cxd5 8.Nc3 Nc6
9.Ne5 e6 10.Nxc6 bxc6 11.b3 Nd7 12.Bb2 c5 13.Na4 Ba6 14.Re1 Rc8 15.e3 cxd4
16.Bxd4 Bxd4 17.Qxd4 Qc7 18.h4 h5 19.Qb2 Qc2 20.Qa3 Ne5 21.Rac1 Qf5 22.Nc5 Rxc5
23.Qxc5 Nd3 24.e4 dxe4 25.Qxa7 Qa5 26.b4 Qa4 27.Red1 Nxc1 28.Rxc1 Qxa2 29.Bxe4 Qe2
30.Qd4 e5 31.Qd5 Qb5 32.Qd6 Kg7 33.Ra1 Bc8 34.Ra5 Qe2 35.Qxe5+ Kg8 36.Bg2 Qd1+
37.Kh2 Be6 38.Ra8 Rxa8 39.Bxa8 Qa4 40.Qa5 Qc2 41.Qd8+ Kh7 42.Qd4  1-0

[Event "Stara Zagora zt-B"]
[Site "Stara Zagora"]
[Date "1990.??.??"]
[Round "3"]
[White "Stohl, Igor"]
[Black "Sznapik, Aleksander"]
[Result "0-1"]
[WhiteElo "2530"]
[BlackElo "2485"]

1.Nf3 Nf6 2.c4 g6 3.g3 Bg7 4.Bg2 O-O 5.d4 d6 6.Nc3 Nc6 7.O-O a6 8.h3 Rb8
9.Bg5 b5 10.cxb5 axb5 11.d5 b4 12.Bxf6 exf6 13.dxc6 bxc3 14.bxc3 f5 15.Qd2 Ba6
16.Rfb1 Qf6 17.Nd4 Qe5 18.e3 Qa5 19.Rb4 Rfe8 20.Rab1 Ra8 21.a4 Qc5 22.Qc2 h5
23.h4 Bf6 24.Qb3 Kg7 25.Bd5 Re7 26.Bxf7 Kh6 27.Bc4 Qe5 28.Bxa6 Rxa6 29.Rb8 Qe4
30.Qb5 Ra7 31.Qc4 Bg7 32.R8b4 Ra8 33.Ne2 Qc2 34.Nd4 Qe4 35.Nb5 Qc2 36.Nd4 Qe4
37.Rd1 Kh7 38.Qd3 Qd5 39.Rb5 Qa2  0-1

[Event "Stara Zagora zt-B"]
[Site "Stara Zagora"]
[Date "1990.??.??"]
[Round "5"]
[White "Ionescu, Constantin"]
[Black "Sznapik, Aleksander"]
[Result "1/2-1/2"]
[WhiteElo "2455"]
[BlackElo "2485"]

1.Nf3 Nf6 2.c4 g6 3.g3 Bg7 4.Bg2 O-O 5.O-O d6 6.d4 Bg4 7.Nc3 Qc8 8.Re1 c5
9.dxc5 Qxc5 10.Qb3 Nbd7 11.Be3 Qc8 12.Rac1 Nc5 13.Qa3 a5 14.Nd4 Bh3 15.Nd5 Nxd5
16.Bxd5 Bd7 17.Red1 Qc7 18.Nb3 Na4 19.Nd4 Nc5 20.Nb5 Bxb5 21.cxb5 e6 22.Be4 Rfc8
23.Bxc5 dxc5 24.Qf3 Rab8  1/2-1/2

[Event "Stara Zagora zt-A"]
[Site "Stara Zagora"]
[Date "1990.??.??"]
[Round "13"]
[White "Gruenberg, Hans Ulrich"]
[Black "Ninov, Kiril"]
[Result "1/2-1/2"]
[WhiteElo "2470"]
[BlackElo "2465"]

1.Nf3 Nf6 2.c4 g6 3.g3 Bg7 4.Bg2 O-O 5.O-O d5 6.cxd5 Nxd5 7.d4 Nb6 8.Nc3 Nc6
9.e3 Re8 10.d5 Na5 11.Nd4 Bd7 12.b3 c5 13.dxc6 Nxc6 14.Nxc6 Bxc6 15.Bxc6 bxc6
16.Bb2 Qxd1  1/2-1/2

[Event "Toulouse op"]
[Site "Toulouse"]
[Date "1990.??.??"]
[Round "3"]
[White "Cvitan, Ognjen"]
[Black "Alvarez Ibarra, D Rafael"]
[Result "1-0"]
[WhiteElo "2525"]
[BlackElo "2385"]

1.Nf3 Nf6 2.c4 g6 3.g3 Bg7 4.Bg2 O-O 5.d4 d5 6.cxd5 Nxd5 7.O-O Nb6 8.Nc3 Nc6
9.e3 Re8 10.Re1 e5 11.d5 Na5 12.e4 c6 13.Bg5 f6 14.Be3 Nac4 15.dxc6 Nxe3
16.Qxd8 Rxd8 17.cxb7 Bxb7 18.Rxe3 Rac8 19.Ree1 Nc4 20.Rab1 Bf8 21.h4 Ba8
22.Nd5 Bxd5 23.exd5 Nb6 24.Bh3 f5 25.Nxe5 Rxd5 26.Bg2 Rd2 27.Nf3 Rdc2 28.Nd4 Rd2
29.Nb3 Rdc2 30.Bf3 Bg7 31.Re7 R8c7 32.Rxc7 Rxc7 33.Na5 Na4 34.b4 Kf8 35.Rd1 Nc3
36.Rd2 Ne4 37.Bxe4 fxe4 38.Re2 Rc3 39.Rxe4 Ra3 40.Re2 Bd4 41.Kg2 Ra4 42.Nc6 Bb6
43.Kf3 Kg7 44.Kg2 h5 45.f3 Kf6 46.Ne7 Ra3 47.Nd5+ Kf7 48.Nxb6 axb6 49.Rc2 Kf6
50.Rc6+ Kf5 51.Rxb6 Rxa2+ 52.Kh3 Ra3 53.Rb8 Kf6 54.b5 Kg7 55.Kg2 Ra2+ 56.Kf1 Rb2
57.b6 Kh7 58.Rb7+ Kh6 59.Ke1 Rb3 60.Ke2 Rb2+ 61.Kd3 Rb3+ 62.Kc4 Rxf3 63.Rc7  1-0

[Event "Toulouse op"]
[Site "Toulouse"]
[Date "1990.??.??"]
[Round "3"]
[White "Velikov, Petar"]
[Black "Petit, Eric"]
[Result "1-0"]
[WhiteElo "2495"]
[BlackElo "2265"]

1.Nf3 Nf6 2.c4 g6 3.g3 Bg7 4.Bg2 O-O 5.O-O d6 6.d4 Nbd7 7.Qc2 e5 8.Nc3 Re8
9.Rd1 c6 10.b3 exd4 11.Nxd4 Nc5 12.e4 a5 13.Bf4 Nh5 14.Be3 Qe7 15.Re1 Bd7
16.Rad1 Rad8 17.h3 Bc8 18.Kh2 Nf6 19.f3 Qc7 20.Bf2 h5 21.Kh1 Bh6 22.Nde2 Nh7
23.f4 f5 24.Nd4 Ne6 25.Nf3 fxe4 26.Nxe4 Nef8 27.Bd4 Re6 28.Nfg5 Nxg5 29.Nxg5 Rxe1+
30.Rxe1 Bg7 31.Qd2 Bf5 32.Bxg7 Qxg7 33.Qxa5 Rd7 34.Qd2 Re7 35.Rd1 Rd7 36.a4 Ne6
37.Nxe6 Bxe6 38.a5 d5 39.Qe3 Bf7 40.cxd5 cxd5 41.Qc5 Qf8 42.Qd4 Qd6 43.Rc1 Rc7
44.Rxc7 Qxc7 45.b4 Qc6 46.Kg1 Qc1+ 47.Kh2 Qc6 48.Qc5 Qe6 49.b5 h4 50.gxh4 Qe1
51.a6 bxa6 52.bxa6 Qxh4 53.Qc7  1-0

[Event "Toulouse op"]
[Site "Toulouse"]
[Date "1990.??.??"]
[Round "3"]
[White "Danailov, Silvio"]
[Black "Hebden, Mark"]
[Result "1/2-1/2"]
[WhiteElo "2380"]
[BlackElo "2530"]

1.Nf3 Nf6 2.c4 g6 3.g3 Bg7 4.Bg2 O-O 5.O-O d6 6.d4 Nc6 7.Nc3 a6 8.b3 Rb8
9.e3 b5 10.Nd2 Bg4 11.Bf3 Bd7 12.Bb2 e5 13.d5 Ne7 14.Rc1 h5 15.cxb5 axb5
16.b4 h4 17.Nb3 hxg3 18.hxg3 Nh7 19.Bg2 Nf5 20.Na5 Nh6 21.Nc6 Bxc6 22.dxc6 f5
23.Qd5+ Rf7 24.Nxb5 Nf6 25.Qc4 d5 26.Qe2 Nfg4 27.Rfd1 d4 28.exd4 e4 29.a4 Qg5
30.Rc5 Qh5 31.Bc1 Re8 32.d5 e3 33.f3 Qh2+ 34.Kf1 Nf2 35.d6 cxd6 36.Rxd6 Ne4
37.Rxg6 Ng4 38.fxe4 fxe4+ 39.Ke1 Qxg3+ 40.Kd1 Nf2+ 41.Kc2 Qxg6 42.Bxe3 Nd3
43.Rc4 Ne5 44.Rxe4 Nf3 45.Bxf3 Rxf3 46.Qxf3 Rxe4 47.Kd2 Qxc6 48.Bc5 Bh6+
49.Kd3 Qd5+ 50.Bd4 Re3+ 51.Qxe3 Qb3+ 52.Nc3 Bxe3 53.Bxe3 Qxb4 54.Kc2 Kf7
55.Bc1 Ke6 56.Bb2 Kd7 57.Ne2 Qxa4+ 58.Kc1 Kc6 59.Nd4+ Kd5 60.Kb1 Qd1+ 61.Ka2 Kc4
62.Ba1 Qh1 63.Bb2 Qa8+ 64.Kb1 Kd3  1/2-1/2

[Event "USA op"]
[Site "USA"]
[Date "1990.??.??"]
[Round "?"]
[White "Cunningham, P."]
[Black "Edelman, Daniel"]
[Result "0-1"]
[WhiteElo "2245"]
[BlackElo "2360"]

1.Nf3 Nf6 2.c4 g6 3.g3 Bg7 4.Bg2 O-O 5.O-O d6 6.d4 Nc6 7.d5 Na5 8.Nfd2 c5
9.Nc3 a6 10.Qc2 Rb8 11.b3 b5 12.Bb2 Bh6 13.Ncb1 e5 14.Bc3 Bd7 15.Qd3 Nh5
16.e3 f5 17.f4 e4 18.Qe2 Nf6 19.Qe1 Bg7 20.h3 b4 21.Bb2 Nxd5 22.Bxg7 Kxg7
23.Nxe4 Nxe3 24.Qxe3 fxe4 25.Nd2 Qe7 26.Qxe4 Rbe8 27.Qxe7+ Rxe7 28.Rfe1 Rfe8
29.Kf2 Rxe1 30.Rxe1 Rxe1 31.Kxe1 Kf8 32.Kf2 Nc6 33.g4 Nd4 34.Bd5 Ke7 35.Nf3 Nxf3
36.Kxf3 a5 37.Ke4 a4 38.Kf3 a3 39.Ke4 Ba4  0-1

[Event "Val Thorens op"]
[Site "Val Thorens"]
[Date "1990.??.??"]
[Round "6"]
[White "Trauth, Michael"]
[Black "Jurkovic, Ante"]
[Result "0-1"]
[WhiteElo "2255"]
[BlackElo "2365"]

1.Nf3 Nf6 2.c4 g6 3.g3 Bg7 4.Bg2 O-O 5.O-O d6 6.Nc3 Nc6 7.Rb1 a5 8.a3 e5
9.d3 h6 10.b4 axb4 11.axb4 Be6 12.b5 Ne7 13.Bb2 Qd7 14.c5 Bh3 15.b6 Bxg2
16.Kxg2 Qc6 17.bxc7 dxc5 18.Qb3 Nd7 19.Nb5 Nd5 20.Ra1 Nxc7 21.Nxc7 Qxc7 22.Qb5 Ra6
23.Rxa6 bxa6 24.Qxa6 e4 25.Nh4 Bxb2 26.Rb1 Rb8 27.Nxg6 Bf6 28.Rxb8+ Qxb8
29.Nf4 exd3 30.exd3 Nb6 31.Qb5 Bd4 32.f3 Qd6 33.Qe8+ Qf8 34.Qc6 Nc8 35.Nd5 Ne7
36.Nxe7+ Qxe7 37.Qxh6 Qe2+ 38.Kh3 Qxd3 39.Qg5+ Qg6 40.Qd8+ Kg7 41.Kg2 Bf6
42.Qd5 Qc2+ 43.Kh3 c4 44.g4 Qd3 45.Qc5 Qxf3+  0-1

[Event "Val Thorens op"]
[Site "Val Thorens"]
[Date "1990.??.??"]
[Round "7"]
[White "Pytel, Krzysztof"]
[Black "Pein, Malcolm"]
[Result "1/2-1/2"]
[WhiteElo "2400"]
[BlackElo "2420"]

1.Nf3 Nf6 2.c4 g6 3.g3 Bg7 4.Bg2 O-O 5.O-O d6 6.d4 c6 7.Nc3 Qa5 8.h3 e5 9.e4 Re8
10.Be3 Nbd7 11.Qc2 exd4 12.Nxd4 Nb6 13.b3 Bd7 14.Rfd1 Rad8 15.Rab1 Nc8 16.b4 Qe5
17.c5 dxc5 18.bxc5 b5 19.Nf3 Qe7 20.Nd4 Qe5 21.Re1 Ne7 22.Nf3 Qc7 23.Bd4 Be6
24.Be5 Qc8 25.g4 h5 26.g5 Nh7 27.Bxg7 Kxg7 28.h4 Bh3 29.Ne2 Nf8 30.Qc3+ Kg8
31.Ne5 Bxg2 32.Kxg2 Qc7 33.Rbd1 Ne6 34.f4 Nc8 35.Rxd8 Rxd8 36.f5 b4 37.Qg3 Nxc5
38.fxg6 fxg6 39.Rf1 Nxe4 40.Qb3+ Rd5 41.Nxg6 Ne7 42.Qxb4 Nxg6 43.Qxe4 Ne5
44.Qf5 Qe7 45.Ng3 Rd2+ 46.Kh1 Rd4 47.Rf4 Rxf4 48.Qxf4 Ng6 49.Qc4+ Qf7 50.Qe4 Qd5
51.Qxd5+ cxd5 52.Nxh5 Nxh4 53.Nf6+ Kf7 54.Nxd5 Nf3  1/2-1/2

[Event "Valencia op"]
[Site "Valencia"]
[Date "1990.??.??"]
[Round "?"]
[White "Lalic, Bogdan"]
[Black "Zapata, Alonso"]
[Result "0-1"]
[WhiteElo "2475"]
[BlackElo "2480"]

1.Nf3 Nf6 2.g3 g6 3.Bg2 Bg7 4.c4 O-O 5.O-O d6 6.d4 Nbd7 7.Nc3 e5 8.h3 c6
9.e4 Qb6 10.Re1 exd4 11.Nxd4 Ne8 12.Nc2 Ne5 13.Ne3 Be6 14.Bf1 f5 15.exf5 gxf5
16.Ng2 Bf7 17.Nh4 Nxc4 18.Nxf5 Ne5 19.Nh6+ Kh8 20.Nxf7+ Rxf7 21.Re2 Nf6 22.Qc2 Nf3+
23.Kg2 Nd4 24.Qd3 Nxe2 25.Qxe2 d5 26.Qc2 Raf8  0-1